[Event "Hoogeveen open"]
[Site "Hoogeveen, Netherlands"]
[Date "2008.10.25"]
[Round "9"]
[White "Di Berardino, Diego Rafael"]
[Black "Slingerland, Fred"]
[Result "0-1"]
[WhiteElo "2502"]
[BlackElo "2373"]
[PlyCount "50"]
[EventDate "2008.??.??"]

1. d4 d5 2. c4 dxc4 3. Nf3 Nf6 4. e3 e6 5. Bxc4 a6 6. O-O c5 7. a4 Nc6 8. Qe2
Qc7 9. Rd1 Be7 10. Nc3 O-O 11. b3 Rd8 12. Bb2 cxd4 13. exd4 Na5 14. Rac1 Nxc4
15. bxc4 Bd7 16. d5 Bc5 17. Ne4 Nxe4 18. Qxe4 h6 19. Rd3 Qb6 20. Rc2 exd5 21.
cxd5 Re8 22. Ne5 f6 23. Qc4 Bd6 24. Rb3 Qa5 25. Bc3 Qxa4 0-1

[Event "Hoogeveen open"]
[Site "Hoogeveen, Netherlands"]
[Date "2008.10.25"]
[Round "9"]
[White "Pel, Bonno"]
[Black "Kempinski, Robert"]
[Result "0-1"]
[WhiteElo "2324"]
[BlackElo "2595"]
[PlyCount "109"]
[EventDate "2008.??.??"]

1. g3 d5 2. Bg2 Nf6 3. d3 g6 4. Nd2 Bg7 5. e4 O-O 6. Ngf3 c5 7. O-O Nc6 8. Qe2
h6 9. c3 e5 10. a3 d4 11. cxd4 cxd4 12. b4 a6 13. a4 Be6 14. Ba3 b5 15. Rfc1
Qb6 16. Qd1 Rfc8 17. Nb3 Nd7 18. Nc5 Nxc5 19. bxc5 Qc7 20. h4 Bf8 21. Kh2 b4
22. Bb2 Na5 23. Bh3 Bxh3 24. Kxh3 Bxc5 25. h5 Qd6 26. Nd2 Qe6+ 27. Qg4 Qxg4+
28. Kxg4 Bd6 29. f4 Rc3 30. fxe5 Bxe5 31. Nf3 Bg7 32. Rd1 Rb8 33. e5 Nc6 34.
Kf4 b3 35. Rac1 Rb4 36. Ke4 Rxa4 37. Ra1 Rxa1 38. Rxa1 Rc2 39. Nxd4 Bxe5 40.
Rxa6 Bxd4 41. Ra8+ Kg7 42. Bxd4+ Nxd4 43. Kxd4 b2 44. Rb8 Kf6 45. hxg6 fxg6 46.
Kd5 h5 47. Ke4 Kg5 48. Kf3 Kf5 49. Rb5+ Ke6 50. Kf4 Kd6 51. d4 Kc6 52. Rb8 Kd5
53. Rb4 Rh2 54. Kg5 Rg2 55. Kxg6 0-1

[Event "Hoogeveen open"]
[Site "Hoogeveen, Netherlands"]
[Date "2008.10.25"]
[Round "9"]
[White "Neelotpal, Das"]
[Black "Prasanna, Rao"]
[Result "1-0"]
[WhiteElo "2477"]
[BlackElo "2311"]
[PlyCount "71"]
[EventDate "2008.??.??"]

1. e4 e5 2. Nf3 Nc6 3. Bb5 a6 4. Ba4 Nf6 5. d3 b5 6. Bb3 Be7 7. a4 b4 8. O-O d6
9. a5 O-O 10. Nbd2 Be6 11. Bc4 Qc8 12. Re1 h6 13. Nf1 Nd7 14. Ng3 Nc5 15. Bd5
Qd7 16. Be3 Nb7 17. Qd2 Bxd5 18. exd5 Ncd8 19. d4 f6 20. Qxb4 c5 21. dxc5 dxc5
22. Qe4 Qe8 23. Nh4 Nf7 24. Ngf5 Nbd6 25. Qg4 Nxf5 26. Nxf5 g5 27. Red1 Rd8 28.
Qc4 Nd6 29. Qxa6 Ra8 30. Qd3 e4 31. Nxe7+ Qxe7 32. Qa3 f5 33. Bxc5 Ra6 34. b4
Qd7 35. Qa4 Nb5 36. c4 1-0

[Event "Hoogeveen open"]
[Site "Hoogeveen, Netherlands"]
[Date "2008.10.25"]
[Round "9"]
[White "Wempe, Joost"]
[Black "Van Eijk, Sander"]
[Result "0-1"]
[WhiteElo "2291"]
[BlackElo "2366"]
[PlyCount "70"]
[EventDate "2008.??.??"]

1. d4 Nf6 2. c4 e6 3. Nc3 Bb4 4. Qc2 O-O 5. a3 Bxc3+ 6. Qxc3 b6 7. Bg5 h6 8.
Bh4 Ba6 9. Nf3 d6 10. e3 Nbd7 11. Bd3 c5 12. dxc5 Nxc5 13. b4 Nxd3+ 14. Qxd3
Qe7 15. O-O Rac8 16. b5 Bb7 17. a4 Rfd8 18. Rfc1 Rc5 19. Nd4 Rh5 20. Bg3 Ne4
21. a5 Nxg3 22. hxg3 e5 23. Nf5 Qf6 24. e4 Bxe4 25. Qxe4 Rxf5 26. axb6 axb6 27.
Ra6 d5 28. cxd5 Rxf2 29. Qe3 Rb2 30. Rxb6 Qf5 31. d6 e4 32. Rf1 Qd5 33. Qc3 Qa2
34. Rxf7 Rxg2+ 35. Kf1 Qe2# 0-1

[Event "Hoogeveen open"]
[Site "Hoogeveen, Netherlands"]
[Date "2008.10.25"]
[Round "9"]
[White "Van Kooten, Luuk"]
[Black "Vedder, Henk"]
[Result "1/2-1/2"]
[WhiteElo "2263"]
[BlackElo "2358"]
[PlyCount "61"]
[EventDate "2008.??.??"]

1. e4 e6 2. d4 d5 3. e5 b6 4. Bb5+ c6 5. Ba4 Ba6 6. Ne2 Ne7 7. c3 Nf5 8. O-O
Be7 9. Re1 O-O 10. Bc2 Bxe2 11. Qxe2 c5 12. Bxf5 exf5 13. dxc5 bxc5 14. e6 Nc6
15. Nd2 Qd6 16. Nf3 Bf6 17. Bg5 fxe6 18. Qxe6+ Qxe6 19. Rxe6 Nd8 20. Re2 Bxg5
21. Nxg5 h6 22. Nf3 Nc6 23. Rd1 Rad8 24. Red2 Ne7 25. b4 cxb4 26. cxb4 Rb8 27.
Re2 Ng6 28. Rb2 Rfc8 29. g3 Ne7 30. Rd3 Rc4 31. Rd4 1/2-1/2

[Event "Hoogeveen open"]
[Site "Hoogeveen, Netherlands"]
[Date "2008.10.25"]
[Round "9"]
[White "Van Assendelft, Floris"]
[Black "Strating, Sybolt"]
[Result "1/2-1/2"]
[WhiteElo "2253"]
[BlackElo "2335"]
[PlyCount "24"]
[EventDate "2008.??.??"]

1. e4 c6 2. Nf3 d5 3. Nc3 a6 4. d4 g6 5. h3 Bg7 6. Be2 dxe4 7. Nxe4 Nd7 8. O-O
Ngf6 9. Nxf6+ Nxf6 10. c4 O-O 11. Qb3 Ne4 12. Bf4 Re8 1/2-1/2

[Event "Hoogeveen open"]
[Site "Hoogeveen, Netherlands"]
[Date "2008.10.25"]
[Round "9"]
[White "Pruijssers, Roeland"]
[Black "Afek, Yochanan"]
[Result "1/2-1/2"]
[WhiteElo "2458"]
[BlackElo "2319"]
[PlyCount "64"]
[EventDate "2008.??.??"]

1. e4 c5 2. Nf3 Nf6 3. Nc3 d5 4. exd5 Nxd5 5. Bb5+ Bd7 6. Ne5 Nf6 7. Nxd7 Nbxd7
8. d3 e6 9. Qf3 a6 10. Ba4 b5 11. Bb3 Ne5 12. Qh3 Be7 13. O-O Rc8 14. Qg3 Ng6
15. f4 O-O 16. f5 exf5 17. Rxf5 c4 18. dxc4 bxc4 19. Ba4 Qb6+ 20. Kh1 Rfd8 21.
Qe1 Bc5 22. Rb1 Ng4 23. h3 Nf2+ 24. Kh2 Nh4 25. Nd5 Rxd5 26. Rxd5 Bd6+ 27. Kg1
Nxh3+ 28. Kh1 Nf2+ 29. Kg1 Ng4+ 30. Kh1 Nf2+ 31. Kg1 Nh3+ 32. Kh1 Nf2+ 1/2-1/2

[Event "Hoogeveen open"]
[Site "Hoogeveen, Netherlands"]
[Date "2008.10.25"]
[Round "9"]
[White "Vul, Arkadi Eremeevich"]
[Black "Lammens, Tim"]
[Result "1/2-1/2"]
[WhiteElo "2351"]
[BlackElo "2288"]
[PlyCount "31"]
[EventDate "2008.??.??"]

1. Nf3 Nf6 2. c4 g6 3. g3 Bg7 4. Bg2 O-O 5. O-O d6 6. d4 c6 7. Nc3 Qb6 8. Qc2
Re8 9. e4 e5 10. c5 dxc5 11. dxe5 Nfd7 12. Na4 Qb5 13. Rd1 Na6 14. Bf1 Qa5 15.
Bd2 Qc7 16. Bf4 1/2-1/2

[Event "Hoogeveen open"]
[Site "Hoogeveen, Netherlands"]
[Date "2008.10.25"]
[Round "9"]
[White "De Jong, Migchiel"]
[Black "Cako, Laszlo"]
[Result "1-0"]
[WhiteElo "2349"]
[BlackElo "2233"]
[PlyCount "57"]
[EventDate "2008.??.??"]

1. e4 e5 2. Nf3 Nc6 3. Bb5 a6 4. Ba4 Nf6 5. O-O Be7 6. Re1 b5 7. Bb3 O-O 8. a4
b4 9. d3 d6 10. Nbd2 Be6 11. Nc4 Qc8 12. h3 Rb8 13. a5 Kh8 14. Be3 Ng8 15. d4
exd4 16. Nxd4 Nxd4 17. Bxd4 Rb5 18. Qd3 f5 19. Qg3 Bf6 20. e5 dxe5 21. Bxe5 Bd5
22. Rad1 Qb7 23. Bxc7 Bxc4 24. Bxc4 f4 25. Bxf4 Rxa5 26. b3 Bc3 27. Re6 Nf6 28.
Be3 Ne4 29. Qf3 1-0

[Event "Hoogeveen open"]
[Site "Hoogeveen, Netherlands"]
[Date "2008.10.25"]
[Round "9"]
[White "Vedder, Richard"]
[Black "Jellema, Yme Jan"]
[Result "1-0"]
[WhiteElo "2334"]
[BlackElo "2129"]
[PlyCount "49"]
[EventDate "2008.??.??"]

1. e4 c6 2. d4 d5 3. Nd2 dxe4 4. Nxe4 Bf5 5. Ng3 Bg6 6. Bc4 e6 7. N1e2 Nf6 8.
O-O Bd6 9. f4 O-O 10. f5 exf5 11. Nxf5 Bxf5 12. Rxf5 Nbd7 13. Ng3 Qc7 14. Qf3
Qb6 15. c3 Ne5 16. Rxe5 Bxe5 17. Nf5 Rae8 18. Kf1 Bb8 19. Nxg7 Kxg7 20. Bh6+
Kxh6 21. Qxf6+ Kh5 22. Bxf7+ Kg4 23. h3+ Kg3 24. Kg1 Qb3 25. Qg5# 1-0

[Event "Hoogeveen open"]
[Site "Hoogeveen, Netherlands"]
[Date "2008.10.25"]
[Round "9"]
[White "Bitalzadeh, Ali"]
[Black "Haast, Anne"]
[Result "1-0"]
[WhiteElo "2370"]
[BlackElo "2054"]
[PlyCount "89"]
[EventDate "2008.??.??"]

1. d4 Nf6 2. c4 g6 3. Nc3 Bg7 4. e4 d6 5. Nf3 O-O 6. Be2 e5 7. O-O Nc6 8. d5
Ne7 9. Ne1 Nd7 10. f3 f5 11. g4 h6 12. h4 Kh8 13. g5 f4 14. Kf2 Ng8 15. Rg1 Rf7
16. Nd3 Bf8 17. Bf1 Be7 18. Bh3 hxg5 19. hxg5 Rh7 20. Bxd7 Bxd7 21. Nxf4 Kg7
22. Nd3 Rh2+ 23. Ke1 Rh5 24. f4 exf4 25. Nxf4 Rxg5 26. Ne6+ Bxe6 27. Bxg5 Bxg5
28. dxe6 Be3 29. Rg3 Qh4 30. Qg4 Qxg4 31. Rxg4 Nf6 32. Rg2 Re8 33. Nd5 Bh6 34.
Nxc7 Re7 35. Nd5 Rxe6 36. Nxf6 Kxf6 37. Rg4 Ke5 38. Ke2 Kd4 39. Rh1 g5 40. b3
Bg7 41. Rxg5 Rxe4+ 42. Kf3 Re3+ 43. Kf2 Be5 44. Rg4+ Kd3 45. Rd1+ 1-0

[Event "Hoogeveen open"]
[Site "Hoogeveen, Netherlands"]
[Date "2008.10.25"]
[Round "9"]
[White "Ducarmon, Quinten"]
[Black "Humphrey, Jonathan"]
[Result "1/2-1/2"]
[WhiteElo "2083"]
[BlackElo "2330"]
[PlyCount "44"]
[EventDate "2008.??.??"]

1. e4 c5 2. Nf3 d6 3. d4 cxd4 4. Nxd4 Nf6 5. Nc3 a6 6. Be2 e5 7. Nb3 Be7 8. Bg5
Be6 9. Bxf6 Bxf6 10. Qd3 O-O 11. O-O-O Be7 12. Nd5 Nc6 13. Kb1 Bg5 14. h4 Bxh4
15. g3 Bf6 16. Qf3 Bxd5 17. exd5 Nd4 18. Nxd4 exd4 19. Rxh7 g6 20. Rdh1 d3 21.
Bxd3 Bg7 22. Qf4 Qf6 1/2-1/2

[Event "Hoogeveen open"]
[Site "Hoogeveen, Netherlands"]
[Date "2008.10.25"]
[Round "9"]
[White "Grover, Sahaj"]
[Black "Van Apeldoorn, Janton"]
[Result "1-0"]
[WhiteElo "2313"]
[BlackElo "2188"]
[PlyCount "75"]
[EventDate "2008.??.??"]

1. e4 c5 2. Nf3 Nc6 3. Bb5 g6 4. Bxc6 dxc6 5. d3 Bg7 6. h3 Nf6 7. Nc3 Nd7 8.
Be3 e5 9. Qd2 h6 10. O-O Qe7 11. Nh2 Nf8 12. f4 exf4 13. Bxf4 Ne6 14. Be3 Nd4
15. Rae1 Be6 16. Nf3 O-O-O 17. Ne2 Nxe2+ 18. Rxe2 b6 19. Bf4 Kb7 20. Ref2 g5
21. Be5 f6 22. Bc3 h5 23. e5 g4 24. exf6 Bxf6 25. Bxf6 Qxf6 26. Ng5 Qe7 27. Rf7
Bxf7 28. Rxf7 Rd7 29. Rxe7 Rxe7 30. h4 Ka8 31. Ne4 Rhe8 32. Qh6 Re5 33. Qxc6+
Kb8 34. Nd6 Re1+ 35. Kh2 g3+ 36. Kh3 Rh1+ 37. Kxg3 Rg8+ 38. Kf2 1-0

[Event "Hoogeveen open"]
[Site "Hoogeveen, Netherlands"]
[Date "2008.10.25"]
[Round "9"]
[White "Dal Borgo, Albin"]
[Black "Akotchik, Viktor"]
[Result "0-1"]
[WhiteElo "2210"]
[BlackElo "2128"]
[PlyCount "78"]
[EventDate "2008.??.??"]

1. d4 d5 2. c4 e6 3. Nc3 c6 4. e3 Bd6 5. Qc2 f5 6. Bd3 Nh6 7. Bd2 O-O 8. O-O-O
Kh8 9. h3 dxc4 10. Bxc4 b5 11. Be2 Nf7 12. g4 Na6 13. Nf3 Rb8 14. gxf5 exf5 15.
e4 b4 16. Na4 fxe4 17. Qxe4 Re8 18. Qd3 Qa5 19. b3 Nc7 20. Be3 Bf5 21. Qc4 Nd5
22. Bd3 Be6 23. Qc2 Nc3 24. Nxc3 bxc3 25. Rdg1 Rxb3 26. axb3 Qa3+ 27. Kd1 Bxb3
28. Ke2 Bxc2 29. Bxc2 Qa2 30. Kd3 Rb8 31. Rb1 Rb2 32. Rxb2 cxb2 33. Nd2 Qa3+
34. Bb3 Bb4 35. Kc2 Nd6 36. Rb1 Nb5 37. Nc4 Qa1 38. Rxb2 Qe1 39. Ne5 Na3+ 0-1

[Event "Hoogeveen open"]
[Site "Hoogeveen, Netherlands"]
[Date "2008.10.25"]
[Round "9"]
[White "Balje, Jan"]
[Black "De Groote, Ewoud"]
[Result "1/2-1/2"]
[WhiteElo "2193"]
[BlackElo "2208"]
[PlyCount "25"]
[EventDate "2008.??.??"]

1. d4 f5 2. c4 Nf6 3. g3 g6 4. Bg2 Bg7 5. Nf3 O-O 6. O-O d6 7. Nc3 Qe8 8. d5 a5
9. Nd4 Na6 10. b3 Bd7 11. Bb2 g5 12. e3 Qg6 13. f4 1/2-1/2

[Event "Hoogeveen open"]
[Site "Hoogeveen, Netherlands"]
[Date "2008.10.25"]
[Round "9"]
[White "Grooten, Herman"]
[Black "Mellema, Andries"]
[Result "1-0"]
[WhiteElo "2376"]
[BlackElo "2097"]
[PlyCount "67"]
[EventDate "2008.??.??"]

1. d4 Nf6 2. Nf3 e6 3. c4 b6 4. a3 Ba6 5. Qc2 Bb7 6. Nbd2 d5 7. cxd5 exd5 8. g3
Bd6 9. Bg2 O-O 10. O-O Re8 11. Re1 h6 12. b4 Nbd7 13. Bb2 Rc8 14. Bh3 c6 15.
Ne5 Rc7 16. Nxd7 Nxd7 17. e4 c5 18. dxc5 bxc5 19. b5 c4 20. exd5 Bxd5 21. Bc3
Ne5 22. Bf5 Rce7 23. Kf1 Qb6 24. a4 g6 25. Ne4 Bb8 26. a5 Bxe4 27. axb6 Bxc2
28. bxa7 Bxa7 29. Bxc2 Bc5 30. Ra4 Kf8 31. h3 Bd6 32. f4 Nf3 33. Rxe7 Kxe7 34.
Kg2 1-0

[Event "Hoogeveen open"]
[Site "Hoogeveen, Netherlands"]
[Date "2008.10.25"]
[Round "9"]
[White "Mostertman, Milan"]
[Black "Clemens, Adrian"]
[Result "0-1"]
[WhiteElo "2044"]
[BlackElo "2261"]
[PlyCount "54"]
[EventDate "2008.??.??"]

1. e4 c5 2. Nf3 d6 3. d4 cxd4 4. Nxd4 Nf6 5. Nc3 a6 6. Bg5 e6 7. f4 Nbd7 8. Qf3
h6 9. Bxf6 Qxf6 10. O-O-O Be7 11. g4 g5 12. f5 Ne5 13. Qg3 Bd7 14. Nf3 Nxf3 15.
Qxf3 O-O 16. Qg3 Bc6 17. Bc4 b5 18. Bb3 b4 19. Na4 Bxe4 20. Rhe1 d5 21. Nb6
Rad8 22. Ba4 Bd6 23. Qb3 Qe7 24. Qh3 Kh7 25. f6 Qc7 26. Rxe4 dxe4 27. c4 Bf4+
0-1

[Event "Hoogeveen open"]
[Site "Hoogeveen, Netherlands"]
[Date "2008.10.25"]
[Round "9"]
[White "Ten Vergert, Paul"]
[Black "Tate, Alan"]
[Result "1-0"]
[WhiteElo "1980"]
[BlackElo "2144"]
[PlyCount "43"]
[EventDate "2008.??.??"]

1. e4 c5 2. Nf3 e6 3. d4 cxd4 4. Nxd4 a6 5. a4 Nc6 6. Nc3 Nf6 7. Nxc6 bxc6 8.
e5 Nd5 9. Ne4 Qc7 10. f4 Rb8 11. c3 a5 12. Qg4 Qa7 13. Nd6+ Bxd6 14. Qxg7 Bf8
15. Qxh8 Ne3 16. Qxh7 Rb4 17. cxb4 Bxb4+ 18. Bd2 Nxf1 19. Qg8+ Ke7 20. Bxb4+
axb4 21. Qg5+ Ke8 22. f5 1-0

[Event "Hoogeveen open"]
[Site "Hoogeveen, Netherlands"]
[Date "2008.10.25"]
[Round "9"]
[White "Algra, Jouke"]
[Black "Goudriaan, Etienne"]
[Result "1/2-1/2"]
[WhiteElo "2113"]
[BlackElo "2088"]
[PlyCount "53"]
[EventDate "2008.??.??"]

1. d4 Nf6 2. Nf3 g6 3. Bf4 Bg7 4. h3 d6 5. e3 O-O 6. Be2 c6 7. O-O Qb6 8. Qc1
Re8 9. Nbd2 Nbd7 10. Re1 e5 11. Bh2 Qc7 12. Nf1 c5 13. c3 Qc6 14. a4 a6 15. b4
b6 16. a5 e4 17. N3d2 b5 18. f3 cxb4 19. cxb4 Qxc1 20. Raxc1 d5 21. Nb3 Nf8 22.
Nc5 Ne6 23. Red1 exf3 24. Bxf3 Ng5 25. Be2 Nge4 26. Bf3 Ng5 27. Be2 1/2-1/2

[Event "Hoogeveen open"]
[Site "Hoogeveen, Netherlands"]
[Date "2008.10.25"]
[Round "9"]
[White "Meurs, Tom"]
[Black "Sparenberg, Erik"]
[Result "1-0"]
[WhiteElo "2110"]
[BlackElo "2041"]
[PlyCount "59"]
[EventDate "2008.??.??"]

1. e4 c5 2. Nf3 d6 3. d4 cxd4 4. Nxd4 Nf6 5. Nc3 g6 6. Be3 Bg7 7. f3 O-O 8. Qd2
Nc6 9. O-O-O d5 10. exd5 Nxd5 11. Nxc6 bxc6 12. Bd4 e5 13. Bc5 Be6 14. Ne4 Re8
15. h4 h6 16. g4 Qc7 17. g5 h5 18. Bc4 Red8 19. Qf2 Rd7 20. Rd2 Rb8 21. Rhd1
Qa5 22. Ba3 Rdb7 23. Bb3 Bf5 24. Nd6 Nb4 25. Nxb7 Rxb7 26. c3 Nd5 27. Qc5 Rb5
28. Qxc6 Nf4 29. Qe8+ Kh7 30. Rd8 1-0

[Event "Hoogeveen open"]
[Site "Hoogeveen, Netherlands"]
[Date "2008.10.25"]
[Round "9"]
[White "Hovenga, Alje"]
[Black "Galje, Hans"]
[Result "1-0"]
[WhiteElo "2253"]
[BlackElo "2121"]
[PlyCount "79"]
[EventDate "2008.??.??"]

1. d4 Nf6 2. c4 e6 3. Nc3 c5 4. d5 exd5 5. cxd5 d6 6. e4 g6 7. h3 Bg7 8. Nf3
O-O 9. Bd3 a6 10. a4 Nbd7 11. O-O Nh5 12. Re1 Ne5 13. Be2 Nxf3+ 14. Bxf3 Qh4
15. Bxh5 gxh5 16. Qd2 f5 17. Qg5 Qxg5 18. Bxg5 Re8 19. Bf4 Bxc3 20. bxc3 fxe4
21. Rab1 b5 22. axb5 axb5 23. Rxb5 Ba6 24. Rb6 Bc4 25. Rxd6 Rad8 26. Rxd8 Rxd8
27. d6 Bd3 28. Ra1 Rd7 29. Ra5 c4 30. Rxh5 Kg7 31. Rc5 Kf7 32. g4 Ke6 33. Kh2
Rf7 34. Kg3 Bf1 35. h4 Bd3 36. h5 Bf1 37. g5 Bd3 38. Rc7 Be2 39. Rxf7 Kxf7 40.
g6+ 1-0

[Event "Hoogeveen open"]
[Site "Hoogeveen, Netherlands"]
[Date "2008.10.25"]
[Round "9"]
[White "Rademakers, Evert"]
[Black "Potze, Rudolf"]
[Result "1-0"]
[WhiteElo "2151"]
[BlackElo "2105"]
[PlyCount "47"]
[EventDate "2008.??.??"]

1. d4 Nf6 2. Nf3 g6 3. Nc3 d5 4. Bf4 Bg7 5. Qd2 h6 6. h4 c6 7. Ne5 Nfd7 8.
O-O-O Nxe5 9. Bxe5 Bxe5 10. dxe5 h5 11. e4 e6 12. f4 Qa5 13. Kb1 Nd7 14. Be2 b6
15. Bf3 Qc5 16. Rhe1 a5 17. exd5 cxd5 18. f5 gxf5 19. Nxd5 exd5 20. Bxd5 Ra7
21. Qg5 Qe7 22. e6 Ne5 23. exf7+ Kf8 24. Qg8+ 1-0

[Event "Hoogeveen open"]
[Site "Hoogeveen, Netherlands"]
[Date "2008.10.25"]
[Round "9"]
[White "Colijn, Stefan"]
[Black "Rooda, Kai"]
[Result "0-1"]
[WhiteElo "2118"]
[BlackElo "2141"]
[PlyCount "118"]
[EventDate "2008.??.??"]

1. e4 e5 2. Nf3 Nc6 3. Bc4 Be7 4. O-O Nf6 5. d3 d6 6. c3 O-O 7. Nbd2 Na5 8. Bb5
c6 9. Ba4 b5 10. Bc2 c5 11. Re1 Nc6 12. Nf1 Re8 13. Ng3 Bf8 14. d4 cxd4 15. Bd3
dxc3 16. Bxb5 cxb2 17. Bxb2 Qb6 18. Qa4 Bd7 19. Rec1 Rec8 20. Rab1 a6 21. Bf1
Nd4 22. Qd1 Rxc1 23. Qxc1 Nxf3+ 24. gxf3 Qc6 25. Qxc6 Bxc6 26. Ba3 d5 27. Bxf8
Kxf8 28. Rb6 Bb5 29. Bxb5 axb5 30. exd5 Rxa2 31. d6 Ra8 32. Rxb5 Nd7 33. Rb7
Rd8 34. Ne4 f6 35. Kf1 Ke8 36. Ke2 Rb8 37. Ra7 Rb4 38. Kd3 Rd4+ 39. Ke3 h6 40.
Ra8+ Kf7 41. Rd8 Nb6 42. Ke2 Nc4 43. Rd7+ Kg6 44. Ra7 Nxd6 45. Nc5 Nf5 46. Ne4
Nd6 47. Ke3 Nf5+ 48. Ke2 Rc4 49. Ra1 Rc2+ 50. Kd3 Rb2 51. Kc3 Rb7 52. Ng3 Nd4
53. f4 Nb5+ 54. Kd3 exf4 55. Ne2 Kf5 56. Ra5 Kg4 57. Ng1 g5 58. Ra6 Kf5 59. f3
Nc7 0-1

[Event "Hoogeveen open"]
[Site "Hoogeveen, Netherlands"]
[Date "2008.10.25"]
[Round "9"]
[White "Hendriks, Richard"]
[Black "Van der Velde, Wytse"]
[Result "1/2-1/2"]
[WhiteElo "2116"]
[BlackElo "1978"]
[PlyCount "50"]
[EventDate "2008.??.??"]

1. Nc3 e5 2. Nf3 Nc6 3. d4 exd4 4. Nxd4 Nf6 5. Bg5 h6 6. Bxf6 Qxf6 7. Ndb5 Qd8
8. Nd5 Bb4+ 9. c3 Ba5 10. b4 a6 11. Nd4 Bb6 12. Nxb6 cxb6 13. g3 O-O 14. Bg2 d5
15. O-O Re8 16. e3 Be6 17. Qh5 Nxd4 18. cxd4 Qd7 19. Rfc1 Rac8 20. Qd1 Bf5 21.
Rxc8 Rxc8 22. Rc1 Be6 23. a3 Rxc1 24. Qxc1 Qc6 25. Qb2 Qa4 1/2-1/2